Duque de Gandía, El : el noble Santo del Primer Imperio : puntes históricos / [por] Xavier Adro

Gorde:
Xehetasun bibliografikoak
Egile nagusia: Xavier Adro (autor)
Formatua: Liburua
Gaiak:
Etiketak: Etiketa erantsi
Etiketarik gabe, Izan zaitez lehena erregistro honi etiketa jartzen!

MARC

LEADER 00000nam^a2200000^u^4500
001 000544325
005 20250521000000.0
008 060220s1000^^^^^^^^^^^^r^^^^^000^0^spa^d
009 20260310131326.733
035 |a FMI 000013474 
037 |a Acervo Xavier Clavigero 
096 |a 3.6.1/62/C 
100 |a Xavier Adro  |e (autor) 
245 1 0 |a Duque de Gandía, El : el noble Santo del Primer Imperio : puntes históricos / [por] Xavier Adro 
264 |a Madrid : Espasa-Calpe, 1940 
300 |a 327 p. 
336 |a texto  |b txt  |2 rdacontenido 
337 |a sin mediación  |b n  |2 rdamedio 
338 |a volumen  |b nc  |2 rdasoporte 
649 |a XX 
650 |a VIDAS DE SANTOS 
910 |a Fondo Francisco Migoya Covarrubias S.J. 
920 |a Impresos - Libros 
930 |a Fondos Especiales 
905 |a 134 
901 |a SBC05488  |b IT2  |c ESP  |u 20250521 
902 |a https://opac.biblio.iteso.mx/vufind/Record/000544325